my top 50 favorite horror films - Statistics

General Stats
  • This quiz has been taken 21 times
  • The average score is 22 of 50
Answer Stats
Hint Answer % Correct
4. (1978) Halloween
81%
1. (1980) The Shining
81%
12. (1984) A Nightmare On Elm Street
75%
9. (1922) Nosferatu
75%
26. (2024) Nosferatu
75%
5. (1996) Scream
75%
6. (1973) The Exorcist
75%
10. (1960) Psycho
69%
48. (2004) Saw
69%
13. (1974) The Texas Chainsaw Massacre
69%
50. (2017) Get Out
63%
3. (1982) The Thing
63%
2. (1979) Alien
56%
14. (1978) Dawn Of The Dead
56%
42. (2013) The Conjuring
56%
16. (1991) The Silence Of The Lambs
56%
46. (1931) Frankenstein
50%
49. (2017) IT
50%
7. (1975) Jaws
50%
30. (2019) Midsommar
50%
35. (1990) Misery
50%
22. (1968) Night Of The Living Dead
50%
8. (1987) Evil Dead 2
44%
47. (1977) House
44%
29. (2015) The Witch
44%
37. (2002) 28 Days Later
38%
11. (1986) Aliens
38%
39. (1931) Dracula
38%
15. (1968) Rosemary's Baby
38%
36. (2019) The Lighthouse
38%
34. (1976) The Omen
38%
18. (1981) An American Werewolf In London
31%
20. (1976) Carrie
31%
25. (1987) Predator
31%
43. (2012) The Cabin In The Woods
31%
45. (1987) Hellraiser
25%
21. (2023) Saw X
25%
44. (2024) The Substance
25%
17. (1973) The Wicker Man
25%
27. (2018) A Quiet Place
19%
41. (1998) Bride Of Chucky
19%
24. (1935) Bride Of Frankenstein
19%
33. (1985) Day Of The Dead
19%
38. (2004) Shaun Of The Dead
19%
23. (1987) The Lost Boys
19%
19. (2024) Alien Romulus
13%
40. (1987) A Nightmare On Elm Street 3 Dream Warriors
13%
32. (1990) Childs Play 2
13%
31. (1984) Friday The 13th The Final Chapter
13%
28. (1989) Pet Sematary
13%
No matching quizzes found
Score Distribution
Percent of People with Each Score
Percentile by Number Answered
Your Score History
You have not taken this quiz